[Event "HUN-chT2 Toth 0910"]
[Site "Hungary"]
[Date "2009.12.20"]
[Round "4.1"]
[White "Ardelean, George Catalin"]
[Black "Zakarias, David"]
[Result "0-1"]
[WhiteElo "2524"]
[BlackElo "2237"]
[PlyCount "146"]
[EventDate "2009.11.08"]
[EventType "team-tourn"]
[EventRounds "11"]
[EventCountry "HUN"]
[SourceTitle "EXT 2011"]
[Source "ChessBase"]
[SourceDate "2010.11.26"]
[SourceVersion "1"]
[SourceVersionDate "2010.11.26"]
[SourceQuality "1"]
[WhiteTeam "Karcag"]
[BlackTeam "Mako II"]
[WhiteTeamCountry "HUN"]
[BlackTeamCountry "HUN"]

1. d4 Nf6 2. Nf3 c5 3. e3 cxd4 4. exd4 d5 5. c3 Nc6 6. Bf4 a6 7. Bd3 Bg4 8. Nbd2 e6 9. a4 Bh5 10. 0-0 Bg6 11. Bxg6 hxg6 12. Re1 Be7 13. h3 0-0 14. Ne5 Nxe5 15. Bxe5 b5 16. axb5 axb5 17. b4 Nd7 18. Qe2 Qb6 19. Nb3 Rfe8 20. Bg3 Qc6 21. Nc5 Nb6 22. Qd3 Nc4 23. Qc2 Bg5 24. Qd3 Bd2 25. Red1 Rxa1 26. Rxa1 Ra8 27. Rxa8+ Qxa8 28. Nb3 Bg5 29. Qc2 Qa4 30. f4 Be7 31. Qb1 Bd6 32. Kf2 Qa3 33. Qc2 Qa4 34. Qb1 Kf8 35. Qc2 Ke8 36. Qb1 Ke7 37. Qc2 Kd7 38. Qb1 Kc6 39. Qc2 Bc7 40. Qb1 Bb6 41. Ke2 Bc7 42. Kf2 Nd6 43. Qc2 Bb8 44. Qb1 Qa3 45. Qc2 Bc7 46. Qb1 Bd8 47. Kf3 Ne4 48. Be1 Bb6 49. Qc2 Qa4 50. Qb1 Qa3 51. Qc2 g5 52. fxg5 Nxg5+ 53. Ke2 Ne4 54. Bd2 f6 55. Be3 Qa4 56. Qb2 Kd7 57. Nd2 Bc7 58. Nb3 Bd6 59. Kd3 e5 60. Kc2 Ng3 61. Bf2 Ne2 62. dxe5 fxe5 63. Kd2 Nf4 64. Qc2 e4 65. Bd4 g6 66. Ke3 Nd3 67. Kd2 Bf4+ 68. Be3 Bxe3+ 69. Kxe3 Qa7+ 70. Nd4 Qa1 71. Ne2 Qf1 72. g3 Qf2+ 73. Kd2 e3+ 0-1

[Event "HUN-chT2 Toth 0910"]
[Site "Hungary"]
[Date "2009.12.06"]
[Round "3.1"]
[White "Hegyesi, Zoltan"]
[Black "Zakarias, David"]
[Result "1/2-1/2"]
[WhiteElo "2085"]
[BlackElo "2237"]
[PlyCount "101"]
[EventDate "2009.11.08"]
[EventType "team-tourn"]
[EventRounds "11"]
[EventCountry "HUN"]
[SourceTitle "EXT 2011"]
[Source "ChessBase"]
[SourceDate "2010.11.26"]
[SourceVersion "1"]
[SourceVersionDate "2010.11.26"]
[SourceQuality "1"]
[WhiteTeam "Bekes"]
[BlackTeam "Mako II"]
[WhiteTeamCountry "HUN"]
[BlackTeamCountry "HUN"]

1. d4 d5 2. c4 e5 3. dxe5 d4 4. Nf3 Nc6 5. g3 Nge7 6. Bg2 Ng6 7. 0-0 Ngxe5 8. Nbd2 Be7 9. b3 0-0 10. Bb2 f6 11. Qc2 g6 12. Nxe5 fxe5 13. c5 Be6 14. a3 a5 15. Rad1 Qd7 16. Bc1 Kg7 17. h4 Bd5 18. Bxd5 Qxd5 19. Ne4 Nd8 20. Bg5 Rf7 21. f3 Ne6 22. Bxe7 Rxe7 23. Ra1 b6 24. cxb6 cxb6 25. Rac1 Rd8 26. Qd3 Rb7 27. b4 axb4 28. axb4 Ra7 29. Ra1 Rda8 30. Rxa7+ Rxa7 31. Rc1 Qd7 32. Qb3 Rc7 33. Rxc7 Nxc7 34. Qc4 Nd5 35. Qa6 Qc7 36. Qb5 Nc3 37. Qe8 Nxe4 38. fxe4 Kf6 39. Qf8+ Ke6 40. Qe8+ Kd6 41. Qg8 Qe7 42. Qa8 Ke6 43. Qd5+ Kf6 44. Qc6+ Qe6 45. Qc7 b5 46. Qxh7 Qc6 47. Qh8+ Ke6 48. Qg8+ Kf6 49. Qd5 Qc3 50. Qd6+ Kf7 51. Qd7+ 1/2-1/2

[Event "HUN-chT2 Toth 0910"]
[Site "Hungary"]
[Date "2009.11.08"]
[Round "1.1"]
[White "Csala, Imre"]
[Black "Zakarias, David"]
[Result "1-0"]
[WhiteElo "2203"]
[BlackElo "2237"]
[PlyCount "67"]
[EventDate "2009.11.08"]
[EventType "team-tourn"]
[EventRounds "11"]
[EventCountry "HUN"]
[SourceTitle "EXT 2011"]
[Source "ChessBase"]
[SourceDate "2010.11.26"]
[SourceVersion "1"]
[SourceVersionDate "2010.11.26"]
[SourceQuality "1"]
[WhiteTeam "Takisz"]
[BlackTeam "Mako II"]
[WhiteTeamCountry "HUN"]
[BlackTeamCountry "HUN"]

1. d4 d5 2. c4 e5 3. dxe5 d4 4. e4 Nc6 5. f4 f6 6. e6 Bxe6 7. Bd3 Nh6 8. f5 Bb4+ 9. Kf1 Bf7 10. Nh3 Ne5 11. Nf2 Qd7 12. a3 Bd6 13. b4 Nxc4 14. Qe2 Qc6 15. b5 Qxb5 16. Nd2 Nxd2+ 17. Bxd2 Qd7 18. g4 0-0-0 19. h4 Ng8 20. Kg2 Ne7 21. Rhb1 Bc5 22. a4 Qd6 23. Nh3 Nc6 24. a5 g6 25. Bf4 Ne5 26. Qb2 Qc6 27. Bxe5 fxe5 28. Ng5 Bg8 29. Nf3 b6 30. axb6 axb6 31. Nxe5 Qf6 32. Qb5 Bd5 33. exd5 Qxe5 34. Ra8+ 1-0

[Event "HUN-chT 0607"]
[Site "Hungary"]
[Date "2007.04.29"]
[Round "9"]
[White "Morvay, Miklos"]
[Black "Zakarias, David"]
[Result "1/2-1/2"]
[WhiteElo "2242"]
[BlackElo "2252"]
[PlyCount "195"]
[EventDate "2006.11.12"]
[EventType "team"]
[EventRounds "11"]
[EventCountry "HUN"]
[SourceTitle "EXT 2008"]
[Source "ChessBase"]
[SourceDate "2007.11.25"]
[SourceVersion "1"]
[SourceVersionDate "2007.11.25"]
[SourceQuality "1"]
[WhiteTeam "Postas/MTK"]
[BlackTeam "Mako"]
[WhiteTeamCountry "HUN"]
[BlackTeamCountry "HUN"]

1. e4 c5 2. d4 cxd4 3. c3 Nf6 4. e5 Nd5 5. Nf3 d6 6. Bc4 Nb6 7. Bb3 d5 8. Nxd4 Nc6 9. f4 Nxd4 10. Qxd4 Bf5 11. Be3 e6 12. Nd2 Be7 13. 0-0 Rc8 14. Nf3 0-0 15. Qd2 Nc4 16. Qf2 Nxe3 17. Qxe3 Bc5 18. Nd4 Qb6 19. Rad1 a5 20. Rd2 Qa6 21. Bd1 Be4 22. Be2 Qc6 23. a3 f6 24. exf6 gxf6 25. Kh1 Qd6 26. Qh3 Rce8 27. f5 Bxd4 28. Rxd4 Bxf5 29. Bg4 Be4 30. Bh5 Re7 31. Qg4+ Bg6 32. Bxg6 Rg7 33. Bxh7+ Kxh7 34. Qh4+ Kg8 35. Rxf6 Rxf6 36. Qxf6 Rf7 37. Rg4+ Kf8 38. Qh8+ Ke7 39. Rg7 Qf4 40. Rxf7+ Qxf7 41. Qd4 Qf1+ 42. Qg1 Qe2 43. Qc1 e5 44. Qg5+ Kd7 45. h4 e4 46. Qxd5+ Kc7 47. Qe5+ Kd7 48. h5 e3 49. h6 Qe1+ 50. Kh2 Qh4+ 51. Kg1 Qf2+ 52. Kh2 e2 53. Qd5+ Kc8 54. Qe6+ Kc7 55. Qe7+ Kb6 56. h7 Qf4+ 57. Kh3 Qf5+ 58. Kg3 Qf1 59. h8Q e1Q+ 60. Qxe1 Qxe1+ 61. Kh2 Qc1 62. Qf6+ Ka7 63. Qf2+ b6 64. g4 Qh6+ 65. Kg2 Qg5 66. Qf7+ Ka6 67. Qc4+ Ka7 68. Kf3 Qd2 69. Qe2 Qc1 70. Ke4 Qg5 71. Kd3 Qb5+ 72. c4 Qb3+ 73. Kd4 Qg3 74. Qe7+ Ka6 75. Qe4 Ka7 76. Kd5 Qf2 77. Ke6 Qxb2 78. g5 Qxa3 79. Kf7 Qa2 80. g6 Qf2+ 81. Ke8 Qg3 82. Kd7 a4 83. Kc6 Qg5 84. Kc7 Qg3+ 85. Kc8 Qb8+ 86. Kd7 a3 87. Qf3 Qb7+ 88. Qxb7+ Kxb7 89. g7 a2 90. g8Q a1Q 91. Qd5+ Ka7 92. Qf7 Qd4+ 93. Qd5 Qg7+ 94. Kc6 Qb7+ 95. Kd6 Qg7 96. Kc6 Qb7+ 97. Kd6 Qg7 98. Kc6 1/2-1/2